| 000 | 00589nam a2200193Ia 4500 | ||
|---|---|---|---|
| 008 | 140626s9999 xx 000 0 und d | ||
| 100 | _aO'Byrne, Patrick. | ||
| 245 |
_aHealth inequities, HIV, and public health practice : _bexamining the role of qualitative research / _cPatrick O'Byrne. |
||
| 260 | _cc2012. | ||
| 300 | _a26 : 3, page 167 | ||
| 440 | _aResearch and Theory for Nursing Practice | ||
| 521 | _aNUR | ||
| 650 | _aCritical analysis. | ||
| 650 | _aHealth inequities. | ||
| 650 | _aHIV. | ||
| 650 | _aPublic health. | ||
| 650 | _aQualitative research. | ||
| 942 | _cSE | ||
| 999 |
_c121384 _d121384 |
||